उर्दू थिएटर : कल और आज / (Record no. 120166)

MARC details
000 -LEADER
fixed length control field 01271nam a22002777a 4500
005 - DATE AND TIME OF LATEST TRANSACTION
control field 20170124103154.0
010 ## - LIBRARY OF CONGRESS CONTROL NUMBER
LC control number B-241900
020 ## - INTERNATIONAL STANDARD BOOK NUMBER
Terms of availability 250.00
International Standard Book Number 8181970063
035 ## - SYSTEM CONTROL NUMBER
System control number B-241900
037 ## - SOURCE OF ACQUISITION
Source of stock number/acquisition Cen Lib/Ret
040 ## - CATALOGING SOURCE
Original cataloging agency DPL
Language of cataloging HN
082 ## - DEWEY DECIMAL CLASSIFICATION NUMBER
Classification number 842.08
Item number उर्दूथि
245 ## - TITLE STATEMENT
Title उर्दू थिएटर : कल और आज /
Statement of responsibility, etc सम्पादक मखमूर सईदी [और] अनीस आज़मी ; अनुवादक अलीम
246 ## - VARYING FORM OF TITLE
Title proper/short title Urdu theatre : kal aur aaj /
Remainder of title sampadak Makhmur Saidi [aur] Anees Aazmi ; anuvadak Aleem
260 ## - PUBLICATION, DISTRIBUTION, ETC. (IMPRINT)
Place of publication, distribution, etc नई दिल्ली
Name of publisher, distributor, etc राष्ट्रीय नाट्य विद्यालय
Date of publication, distribution, etc 2006
270 ## - ADDRESS
City नई दिल्ली
Address बहावलपुर हाउस
Postal code 110001
300 ## - PHYSICAL DESCRIPTION
Extent 211पृ. :
Dimensions 20सेमी(सजिल्द)
Other physical details सचित्र
650 ## - SUBJECT ADDED ENTRY--TOPICAL TERM
Topical term or geographic name as entry element उर्दू नाटक
9 (RLIN) 88866
650 ## - SUBJECT ADDED ENTRY--TOPICAL TERM
Topical term or geographic name as entry element उर्दू थिएटर
9 (RLIN) 88867
650 ## - SUBJECT ADDED ENTRY--TOPICAL TERM
Topical term or geographic name as entry element Urdu drama
9 (RLIN) 14322
650 ## - SUBJECT ADDED ENTRY--TOPICAL TERM
Topical term or geographic name as entry element Urdu theater
9 (RLIN) 88868
700 ## - ADDED ENTRY--PERSONAL NAME
Personal name सईदी, मखमूर
9 (RLIN) 88869
700 ## - ADDED ENTRY--PERSONAL NAME
Personal name आज़मी, अनीस
9 (RLIN) 88870
700 ## - ADDED ENTRY--PERSONAL NAME
Personal name अलीम
9 (RLIN) 41420
942 ## - ADDED ENTRY ELEMENTS (KOHA)
Source of classification or shelving scheme Dewey Decimal Classification
Koha item type Hindi Books
Classification part 842.08
Call number suffix उर्दूथि
Holdings
Withdrawn status Lost status Damaged status Not for loan Home library Current library Date acquired Source of acquisition Cost, normal purchase price Total Checkouts Full call number Barcode Date last seen Copy number Cost, replacement price Price effective from Koha item type
        Central Library Central Library 21/09/2015 Cen Lib/Ret 250.00   842.08 उर्दूथि B-241900 21/09/2015 1 250.00 21/09/2015 Hindi Books

© Delhi Public Library
Hit Counter
free hit counter